Die Erzahlung des Sinuhe /

محفوظ في:

مؤلفون آخرون: Koch, Roland.

التنسيق: كتاب

اللغة: German
Ancient Egyptian

سلاسل: Bibliotheca Aegyptiaca ; 17.
BiAeg ; 17.

الموضوعات:

الوسوم: إضافة وسم

لا توجد وسوم, كن أول من يضع وسما على هذه التسجيلة!

رقم الطلب: PJ1025 .B53 v.17

LEADER 01120namaa2200337 4500
001 15400
003 OSt
005 20210728082701.0
008 130303s1990 be g b 000 0 ger d
952 |0 0  |1 0  |2 lcc  |3 V.17  |4 0  |6 PJ1025 B53 V.00017  |7 1  |9 17196  |a ARCE  |b ARCE  |d 2021-07-28  |l 0  |o PJ1025 .B53 v.17  |p 1002757  |r 2021-07-28 00:00:00  |w 2021-07-28  |y BK 
999 |c 14025  |d 14025 
040 |c ARCE Library 
041 0 |a egy  |a ger 
043 |a f-ua--- 
050 0 4 |a PJ1025 .B53 v.17 
130 0 |a Story of Sinuhe.  |9 2486 
245 1 4 |a Die Erzahlung des Sinuhe /  |c Roland Koch. 
264 1 |a Bruxelles :  |b Editions de la Fondation egyptologique reine Elisabeth,   |c 1990. 
300 |a 81, 81a pages ;  |c 28 cm. 
490 1 |a Bibliotheca Aegyptiaca ;   |v 17. 
490 1 |a BiAeg ;   |v 17. 
500 |a Egyptian (Hieroglyphic) with notes in German. 
504 |a Bibliography : page vi. 
546 |a Text in Egyptian and German. 
650 0 |a Egyptian language  |v Texts. 
650 0 |a Tales  |z Egypt. 
700 1 |a Koch, Roland. 
830 0 |a Bibliotheca Aegyptiaca ;   |v 17. 
830 0 |a BiAeg ;   |v 17. 
901 |a reviewed 
942 |c BK  |2 lcc